00686nam a2200193Ia 4500003000900000008004100009040001600050080002100066245009100087260006800178300002300246490003700269650004100306650003600347650003600383700002300419700002500442700002500467IN-BaIIA211028s9999 xx 000 0 eng d cIIA Library a083.8:52-76bGEZ 0aFar infrared supplementcedited by D. Y. Gezari, Marion Schmitz and Jaylee M. Meao  aWashingtonbNational Aeronautics and Space Administrationc1984 a[various pagings.] aNASA reference publication; 1119 aAstronomy and Astrophysics Thesaurus aCatalogue-Infrared observations aInfrared observations catalogue aGezari, D. Y., ed. aMeao, Jaylee M., ed. aSchmitz, Marion, ed.